000 00661nas a22001937a 4500
008 130516t20109999ag ||||| |||| 00| 0 spa d
245 _aColeccion Trabajos Clave
260 _aBuenos Aires,
_bSociedad Iberoamericana de Informacion Cientifica:
_c2010
300 _av. :
440 _aPrevencion Primaria Cardiovascular
_92296
546 _aespaƱol
590 _aIndizada en: SIIC Data Bases
590 _aExistencias: 2010 (1 ejemplar)
650 _aENFERMEDADES CARDIOVASCULARES-PREVENCION & CONTROL
_92295
650 _aROSUVASTATINA
_92261
650 _aCARDIOLOGIA
_91893
856 _uhttp://www.siicsalud.com/lmr/siicdatabases.php
942 _2ddc
_cCR
999 _c1426
_d1426